Murder takes a vacation / Laura Lippman.
Available copies
- 1 of 2 copies available at LARL/NWRL Consortium.
Current holds
0 current holds with 2 total copies.
View other formats and editions
Show Only Available Copies
| Location | Call Number / Copy Notes | Barcode | Shelving Location | Status | Due Date |
|---|---|---|---|---|---|
| Bagley Public Library | M LIP (Text) | 33500014215289 | New | Available | - |
| Barnesville Public Library | M LIP (Text) | 33500014215271 | New | Checked out | 05/07/2026 |
Record details
- ISBN: 9780062998101
- ISBN: 0062998102
- ISBN: 9780062998118
- ISBN: 0062998110
- Physical Description: 261 pages ; 24 cm
- Edition: First edition.
- Publisher: New York, NY : William Morrow, 2025.
- Copyright: ©2025
Content descriptions
| Summary, etc.: | "Highly acclaimed New York Times bestselling ... Read More "Mrs. Blossom has a knack for blending into the ... Read More |
Search for related items by subject
| Genre: | Detective and mystery fiction. Novels. |
| LDR | 03997cam a22006618i 4500 | ||
|---|---|---|---|
| 001 | 451602 | ||
| 003 | LARL_NWRL_CONSORTIUM | ||
| 005 | 20250611142042.0 | ||
| 008 | 250107t20252025nyu 000 1 eng | ||
| 010 | . | ‡a 2025000778 | |
| 040 | . | ‡aDLC ‡beng ‡erda ‡cDLC ‡dIG# ‡dOCLCO ‡dYDX ‡dMJ8 ‡dOCLCO ‡dOCO ‡dOCLCO | |
| 019 | . | ‡a1474543677 | |
| 020 | . | ‡a9780062998101 ‡q(hardcover) | |
| 020 | . | ‡a0062998102 ‡q(hardcover) | |
| 020 | . | ‡a9780062998118 ‡q(trade paperback) | |
| 020 | . | ‡a0062998110 ‡q(trade paperback) | |
| 020 | . | ‡z9780062998125 ‡q(ebook) | |
| 035 | . | ‡a(OCoLC)1484541727 ‡z(OCoLC)1474543677 | |
| 042 | . | ‡apcc | |
| 043 | . | ‡ae-fr--- | |
| 082 | 0 | 0. | ‡a813/.54 ‡223/eng/20250108 |
| 100 | 1 | . | ‡aLippman, Laura, ‡d1959- ‡eauthor. ‡1https://id.oclc.org/worldcat/entity/E39PBJbM3Gtmf7F3GCG3VDPWjC ‡0(LARL_NWRL_CONSORTIUM)44092 |
| 245 | 1 | 0. | ‡aMurder takes a vacation / ‡cLaura Lippman. |
| 250 | . | ‡aFirst edition. | |
| 264 | 1. | ‡aNew York, NY : ‡bWilliam Morrow, ‡c2025. | |
| 264 | 4. | ‡c©2025 | |
| 300 | . | ‡a261 pages ; ‡c24 cm | |
| 336 | . | ‡atext ‡btxt ‡2rdacontent | |
| 337 | . | ‡aunmediated ‡bn ‡2rdamedia | |
| 338 | . | ‡avolume ‡bnc ‡2rdacarrier | |
| 520 | . | ‡a"Highly acclaimed New York Times bestselling author Laura Lippman returns with an irresistible mystery featuring Muriel Blossom, a former private investigator and middle-aged widow whose vacation on a Parisian river cruise turns into a deadly international mystery...that only she can solve"-- ‡cProvided by publisher. | |
| 520 | . | ‡a"Mrs. Blossom has a knack for blending into the background, which was an asset during her days assisting private investigator Tess Monaghan. But when she finds a winning lottery ticket in a parking lot, everything changes. She is determined to see the world that she sometimes feels is passing her by. When Mrs. Blossom booked her cruise through France on the MS Solitaire, she did not expect to meet Allan on her transatlantic flight. He is the first man who's sparked something inside her since her beloved husband passed. She also didn't expect Allan to be found, dead, twenty-four hours later in Paris, a city he wasn't supposed to be in. Now Mrs. Blossom doesn't know who to trust on board the ship, especially when a mystifying man, Danny, keeps popping up around every corner, always present when things go awry. He is convinced that Allan was transporting a stolen piece of art, and Mrs. Blossom knows more than she lets on, regarding both the artifact and Allan's death. Mrs. Blossom's questions only increase as the cruise sails down the Seine. Why does it feel like she is being followed? Who was Allan, and why was he killed? Most alarmingly, why do these mysterious men keep flirting with her?" -- ‡cProvided by publisher. | |
| 650 | 0. | ‡aWidows ‡vFiction. ‡0(LARL_NWRL_CONSORTIUM)167902 | |
| 650 | 0. | ‡aWomen private investigators ‡vFiction. ‡0(LARL_NWRL_CONSORTIUM)168047 | |
| 650 | 0. | ‡aLottery winners ‡vFiction. ‡0(LARL_NWRL_CONSORTIUM)173133 | |
| 650 | 0. | ‡aVacations ‡vFiction. ‡0(LARL_NWRL_CONSORTIUM)167844 | |
| 650 | 0. | ‡aCruise ships ‡vFiction. ‡0(LARL_NWRL_CONSORTIUM)164506 | |
| 650 | 0. | ‡aMurder ‡xInvestigation ‡vFiction. ‡0(LARL_NWRL_CONSORTIUM)166203 | |
| 650 | 0. | ‡aArt thefts ‡vFiction. ‡0(LARL_NWRL_CONSORTIUM)163200 | |
| 651 | 0. | ‡aParis (France) ‡vFiction. ‡0(LARL_NWRL_CONSORTIUM)166700 | |
| 651 | 0. | ‡aSeine River (France) ‡vFiction. | |
| 655 | 7. | ‡aDetective and mystery fiction. ‡2lcgft | |
| 655 | 7. | ‡aNovels. ‡2lcgft | |
| 776 | 0 | 8. | ‡iOnline version: ‡aLippman, Laura, 1959- ‡tMurder takes a vacation. ‡bFirst edition ‡dNew York, NY : William Morrow, 2025 ‡z9780062998125 ‡w(DLC) 2025000779 |
| 901 | . | ‡a451602 ‡bOCoLC ‡c451602 ‡tbiblio ‡soclc | |

Add to basket
Permalink
Disable Highlighting